Modern Rulers - Statistics

General Stats
  • This quiz has been taken 31 times
  • The average score is 5 of 16
Answer Stats
Picture Answer % Correct
Catherine the Great
93%
Charles de Gaulle
89%
Franz Joseph I
56%
Sitting Bull
52%
Shaka Zulu
44%
Haile Selassie
41%
Puyi
30%
James VI and I
19%
Kamehameha the Great
15%
Ahmed III
11%
Akbar the Great
11%
Atahualpa
11%
Urban VIII
4%
Cuauhtémoc
0%
Rama I
0%
Te Rauparaha
0%
No matching quizzes found
Score Distribution
Percent of People with Each Score
Percentile by Number Answered
Your Score History
You have not taken this quiz